000 01215cam a2200349 a 4500
001 2997192
003 OSt
005 20140310181628.0
008 930816s1994 nyu d 000 0 eng
010 _a 93027567
020 _a0671883488
040 _aDLC
_cDLC
_dDLC
050 0 0 _aG 103.5
_b.W385 1994
082 0 0 _aREF 910
_2W39 1994
245 0 0 _aWebster's New World pocket geographical dictionary /
_cDonald Stewart, project editor, Laura Borovac, geography editor.
260 _aNew York :
_bPrentice Hall,
_cc1994.
300 _aix, 388 p. ;
_c18 cm.
500 _a"Based on Webster's New World dictionary of American English, third college edition."
500 _a"A Webster's New World book"--T.p. verso.
521 _a
526 _c1010L
541 _j1
562 _e1
650 0 _aGazetteers.
700 1 _aStewart, Donald,
_d1955-
700 1 _aBorovac, Laura.
730 0 _aWebster's New World dictionary of American English.
740 0 _aPocket geographical dictionary.
906 _a7
_bcbc
_corignew
_d1
_eocip
_f19
_gy-gencatlg
942 _2lcc
_cBK-GR
_kREF
999 _c399
_d399